000
00218nam a22000977a 4500
999
_c
15853
_d
15853
003
OSt
008
191022b ||||| |||| 00| 0 eng d
100
_a
Narayana, Pillai M R
_9
4349
245
_a
Pariaya manjari
942
_c
BK